Explicacion historica de las Instituciones del emperador Justiniano, con el texto latino, la traduccion al lado y las explicaciones a continuacion de cada párrafo. Precedida de una generalización del derecho romano, conforme a los textos antiguamente conocidos o mas recientemente descubiertos / por M. Ortolan, profesor en la Facultad de Derecho en Paris ; traducida de la tercera edicion por D. Francisco Perez de Anaya, abogado de los Tribunales del Reino

Detalles Bibliográficos
Autor principal: Ortolan, Joseph Louis Elzéar, 1802-1873
Otros Autores: Pérez de Anaya, Francisco, 1802-1866, tr, Justiniano, ca. 450-527
Formato: Libro
Lenguaje:Spanish
Publicado: Madrid : Establecimiento Tipográfico de D. Ramon Rodriguez de Rivera, editor, 1847.
Materias:
Colección:Banco de datos
Acervo:Seminario Conciliar de Nuestra Señora de Guadalupe Querétaro. Qro.. Biblioteca Florencio Rosas. Fondo Histórico
Descripción Física:2 t. ; 22 cm.
Tema general:Derecho romano
Notas:Texto con signaturas y notas a pie de página. Tomo con portada y paginación propias. El t. 2 publicado en 1847. Paginación: t. 2 898 p., [3] h. Encuadernación en piel estilo clásico. Sello en tinta de José M. Espinosa
LEADER 01434nam a22002170004500
035 |a 6281 
041 0 |a spa 
100 1 |a Ortolan, Joseph Louis Elzéar, 1802-1873 
245 1 0 |a Explicacion historica de las Instituciones del emperador Justiniano, con el texto latino, la traduccion al lado y las explicaciones a continuacion de cada párrafo. Precedida de una generalización del derecho romano, conforme a los textos antiguamente conocidos o mas recientemente descubiertos / por M. Ortolan, profesor en la Facultad de Derecho en Paris ; traducida de la tercera edicion por D. Francisco Perez de Anaya, abogado de los Tribunales del Reino  
260 |a Madrid : Establecimiento Tipográfico de D. Ramon Rodriguez de Rivera, editor, 1847.  
300 |a 2 t. ; 22 cm.  
500 |a Texto con signaturas y notas a pie de página. Tomo con portada y paginación propias. El t. 2 publicado en 1847. Paginación: t. 2 898 p., [3] h. Encuadernación en piel estilo clásico. Sello en tinta de José M. Espinosa 
504 |a Incluye índice de contenido  
505 0 0 |a t. 2 Libro tercero-Libro cuarto 
650 1 0 |a Derecho romano 
700 1 |a Pérez de Anaya, Francisco, 1802-1866, tr. 
700 1 |a Justiniano, ca. 450-527 
949 |a Fondo Histórico: t. 2 (14658) 
942 |c Q.R.H.T 
943 |g Seminario Conciliar de Nuestra Señora de Guadalupe Querétaro. Qro.. Biblioteca Florencio Rosas. Fondo Histórico 
999 |c 1087736  |d 1087736